India votes, (Record no. 83369)

MARC details
000 -LEADER
fixed length control field 00674nam a22002291 4500
001 - CONTROL NUMBER
control field sa 68010264
003 - CONTROL NUMBER IDENTIFIER
control field DLC
005 - DATE AND TIME OF LATEST TRANSACTION
control field 20260227112551.0
008 - FIXED-LENGTH DATA ELEMENTS--GENERAL INFORMATION
fixed length control field 710915s1968 ii abc 00000 eng
010 ## - LIBRARY OF CONGRESS CONTROL NUMBER
LC control number sa 68010264
025 ## - OVERSEAS ACQUISITION NUMBER
Overseas acquisition number PL480:I-E-10632
043 ## - GEOGRAPHIC AREA CODE
Geographic area code a-ii---
050 0# - LIBRARY OF CONGRESS CALL NUMBER
Classification number JQ294
Item number .I5
082 ## - DEWEY DECIMAL CLASSIFICATION NUMBER
Classification number 324/.2/0954
245 00 - TITLE STATEMENT
Title India votes,
Remainder of title a source book on Indian election.
Statement of responsibility, etc. Edited and compiled by R. Chandidas [and others]
260 0# - PUBLICATION, DISTRIBUTION, ETC.
Place of publication, distribution, etc. Bombay,
Name of publisher, distributor, etc. Popular Prakashan
Date of publication, distribution, etc. [1968]
300 ## - PHYSICAL DESCRIPTION
Extent x, 717 p.
Other physical details illus., maps, ports.
Dimensions 30 cm.
350 ## - PRICE (NR) (BK AM CF MU VM SE) [OBSOLETE]
Price Rs60
650 #0 - SUBJECT ADDED ENTRY--TOPICAL TERM
Topical term or geographic name entry element Elections
Geographic subdivision India.
650 #0 - SUBJECT ADDED ENTRY--TOPICAL TERM
Topical term or geographic name entry element Political parties
Geographic subdivision India.
700 10 - ADDED ENTRY--PERSONAL NAME
Personal name Chandidas, R.,
Relator term comp.

No items available.

Powered by Koha